| 000 | 00840nac a22002531u 4500 | ||
|---|---|---|---|
| 003 | EG-ScBUE | ||
| 005 | 20221207142521.0 | ||
| 008 | 221207t1998 nyua f 001 0 eng d | ||
| 020 | _a0866366431 (hardcover) | ||
| 020 | _a9780866366434 | ||
| 040 |
_aEG-ScBUE _beng _erda _cEG-ScBUE _dEG-ScBUE |
||
| 082 | 0 | 4 |
_a725.85 _bFOG _222 |
| 100 | 1 |
_aFogarty, Kate Hensler, _eauthor. |
|
| 245 | 1 | 0 |
_aHealth clubs : _barchitecture & design / _cKate Hensler Fogarty. |
| 264 | 1 |
_aGlen Cove, N.Y. : _bPBC International, _c[1998] |
|
| 264 | 4 | _cc1998 | |
| 300 |
_a175 pages : _bcolor illustrations ; _c29 cm |
||
| 500 | _aIncludes index. | ||
| 650 | 7 |
_aPhysical fitness centers _xDesign and construction. _2BUEsh |
|
| 650 | 7 |
_aPhysical fitness centers _xDirectories. _2BUEsh |
|
| 653 | _bENGARC | ||
| 655 | _vReading book | ||
| 942 |
_cBB _2ddc |
||
| 999 |
_c3111 _d3111 |
||